000 00329nam a22001457a 4500
008 210426b ||||| |||| 00| 0 eng d
020 _a9780669120646
041 _aeng
080 _a82
082 _a82
100 _a21
101 _aGJL
245 _aThe Heath Anthology of American Literature
_cLauter,P
942 _2udc
_cBK
999 _c56709
_d56709